Pegamos Tela - Abraham Mateo, Lérica, Omar Montes - Estadísticas

Estadísticas generales
  • Esta prueba ha sido intentada 35 veces
  • La puntuación promedio es 314 de 379
Estadísticas de respuestas
Letra % Correcto
a
100%
de
100%
en
100%
la
100%
pegamos
100%
Pegamos
100%
que
100%
Que
100%
te
100%
tela
100%
100%
100%
un
100%
Un
100%
y
100%
Y
100%
yo
100%
Yo
100%
como
88%
Como
88%
Cómo
88%
con
88%
Con
88%
el
88%
entera
88%
es
88%
escuela
88%
lo
88%
más
88%
me
88%
pa
88%
Pa
88%
por
88%
quieras
88%
Si
88%
si
88%
vean
88%
ven
88%
vieja
88%
acá
75%
amigas
75%
aprendí
75%
arcoíris
75%
arena
75%
bachata
75%
baila
75%
bailando
75%
brutal
75%
buena
75%
cola
75%
cualquiera
75%
cuerpos
75%
dar
75%
dice
75%
Ella
75%
ella
75%
encima
75%
eres
75%
está
75%
fundieron
75%
Grammy
75%
guapa
75%
las
75%
le
75%
llevo
75%
los
75%
mantita
75%
mar
75%
Miami
75%
miran
75%
motiva
75%
Netflix
75%
niño
75%
no
75%
nos
75%
nuestro
75%
Nuestros
75%
nunca
75%
papi
75%
pero
75%
revientan
75%
ron
75%
sabía
75%
se
75%
sol
75%
sola
75%
sus
75%
tan
75%
tengo
75%
una
75%
Va
75%
va
75%
venta?
75%
veo
75%
ya
75%
Ya
75%
Abraham
63%
Abre
63%
Ay
63%
bebo
63%
calor
63%
chingo
63%
combinación
63%
comérmelo
63%
comérselo
63%
consigo
63%
culo
63%
Dios
63%
ese
63%
flow
63%
hacértelo
63%
Hoy
63%
iPhone
63%
mami
63%
mari
63%
Mateo
63%
mueve
63%
nenas
63%
Nutella
63%
perfecta
63%
pónmelo
63%
porque
63%
Reggaetón
63%
reggaetoncito
63%
rojo
63%
rómpelo
63%
Rosé
63%
Siri
63%
Somos
63%
suelten
63%
toa
63%
Viste
63%
voy
63%
Voy
63%
abajo
50%
Ah
50%
ah
50%
allá
50%
botella
50%
cielo
50%
Daiquiri
50%
Donde
50%
entiendas
50%
eo
50%
esperando
50%
Hasta
50%
hasta
50%
Hazlo
50%
Lola
50%
Möet
50%
muévelo
50%
untaba
50%
Vaya
50%
vaya
50%
blunt
25%
rewind
25%
hookah
13%
No se encontraron pruebas coincidentes
Distribución de puntuación
Porcentaje de gente con cada puntuación
Porcentaje por número respondido
Historial de tus puntuaciones
No has intentado esta prueba.